[Event "40. Offene Stadtmeisterschaft"]
[Site "Bergisch Gladbach"]
[Date "2018.09.07"]
[Round "2.14"]
[White "Paul, Andre David"]
[Black "Bernecker, Jan Magnus"]
[Result "1-0"]
[WhiteElo "1680"]
[BlackElo "1324"]
[PlyCount "42"]
[EventRounds "7"]

1. d4 d5 2. c4 dxc4 3. Nc3 Nf6 4. Nf3 e6 5. e3 Nc6 6. Bxc4 Bb4 7. Qc2 a6 8. O-O
Bd7 9. Rd1 Qc8 10. a3 Bd6 11. b4 a5 12. b5 Ne7 13. e4 c5 14. bxc6 Bxc6 15. Qd3
Qd7 16. e5 Bxf3 17. Qxf3 Rc8 18. Bb5 Nc6 19. exf6 g6 20. Ne4 O-O 21. Qh3 Qd8
1-0

[Event "40. Offene Stadtmeisterschaft"]
[Site "Bergisch Gladbach"]
[Date "2018.09.07"]
[Round "2.15"]
[White "Fey, Helmut"]
[Black "Hertling, Jürgen"]
[Result "0-1"]
[WhiteElo "1352"]
[BlackElo "1606"]
[PlyCount "106"]
[EventRounds "7"]

1. e4 e5 2. Nf3 Nc6 3. Bb5 a6 4. Ba4 Nf6 5. O-O Be7 6. Re1 b5 7. Bb3 d6 8. c3
O-O 9. h3 Nb8 10. d4 Nbd7 11. Bg5 Bb7 12. Nbd2 h6 13. Bh4 Nh5 14. Bxe7 Qxe7 15.
Nf1 Ndf6 16. Bc2 Rfe8 17. Qd2 Rad8 18. Nh4 Qd7 19. Nf5 Nf4 20. N1g3 Kh7 21. Qe3
g6 22. Nh4 Nxh3+ 23. gxh3 Qxh3 24. Ngf5 Qxe3 25. Rxe3 gxf5 26. Nxf5 exd4 27.
cxd4 Bxe4 28. Bxe4 Rxe4 29. Rae1 Rg8+ 30. Kf1 Rf4 31. Ng3 Ng4 32. R1e2 Nxe3+
33. Rxe3 Rxd4 34. Rf3 Kg6 35. Nf5 Re4 36. Ne3 Re5 37. Ng4 Re6 38. Ne3 h5 39.
Nd5 Kh6 40. Nxc7 Reg6 41. Nxa6 h4 42. Nc7 Rg5 43. Rxf7 R8g7 44. Rxg7 Rxg7 45.
Nxb5 d5 46. Nd4 h3 47. Nf5+ Kg6 48. Nxg7 Kxg7 49. Kg1 d4 50. a4 d3 51. a5 d2
52. b4 d1=Q+ 53. Kh2 Qf3 0-1

[Event "40. Offene Stadtmeisterschaft"]
[Site "Bergisch Gladbach"]
[Date "2018.09.07"]
[Round "2.16"]
[White "Suzuki, Juliano"]
[Black "Schüers, Christian"]
[Result "0-1"]
[WhiteElo "1277"]
[BlackElo "1568"]
[PlyCount "122"]
[EventRounds "7"]

1. e4 d6 2. d4 c6 3. Nf3 g6 4. Be2 Bg7 5. O-O Nf6 6. e5 dxe5 7. dxe5 Qxd1 8.
Rxd1 Ng4 9. Bf4 h5 10. h3 Nh6 11. Bd3 e6 12. Nc3 Nd7 13. Re1 Nb6 14. Rad1 Bd7
15. Ne4 O-O 16. b3 Nd5 17. Bxh6 Bxh6 18. c4 Rad8 19. cxd5 cxd5 20. Nf6+ Kg7 21.
g3 Bc6 22. Bb1 Rc8 23. Nd4 Bg5 24. Nxc6 Rxc6 25. Nxd5 exd5 26. f4 Be7 27. Rxd5
Rfc8 28. Be4 R8c7 29. Rdd1 Rc3 30. Kg2 b6 31. Bb1 h4 32. Rd3 hxg3 33. Rxg3 Bh4
34. Rxc3 Rxc3 35. Rd1 Rg3+ 36. Kh2 Rf3 37. Rd7 Rf2+ 38. Kg1 Rxf4 39. e6 Bf2+
40. Kg2 Bc5 41. e7 Rf2+ 42. Kh1 Re2 43. Rxa7 Bxe7 44. Rb7 Bc5 45. Bd3 Re7 46.
Rxe7 Bxe7 47. Kg2 f5 48. Kf3 Bd6 49. a4 Kh6 50. Bf1 Kg5 51. Ke3 Bc5+ 52. Kd3
Kf4 53. Kc4 Bf2 54. Kb5 Kg3 55. a5 bxa5 56. Kxa5 g5 57. Kb4 g4 58. Kc4 gxh3 59.
Bxh3 Kxh3 60. Kd3 Kg2 61. b4 f4 0-1

[Event "40. Offene Stadtmeisterschaft"]
[Site "Bergisch Gladbach"]
[Date "2018.09.07"]
[Round "2.17"]
[White "Wilde, Christian"]
[Black "Stuch, Hans-Ferdinand"]
[Result "0-1"]
[WhiteElo "1211"]
[BlackElo "1556"]
[PlyCount "49"]
[EventRounds "7"]

1. c4 e5 2. e4 Nf6 3. Nc3 c6 4. Nf3 d6 5. d4 Qc7 6. dxe5 dxe5 7. Be2 Bb4 8. Nd2
O-O 9. Qc2 Be6 10. O-O Na6 11. a3 Be7 12. b4 Rad8 13. c5 Rd7 14. Bxa6 bxa6 15.
Qa4 Qb7 16. Nf3 Bc4 17. Rd1 Rxd1+ 18. Nxd1 Nxe4 19. Nxe5 Bf6 20. Bb2 Bd5 21.
Ng4 Bxb2 22. Nxb2 Nxc5 23. bxc5 Qxb2 24. Re1 Qd2 25. Ne3 0-1

[Event "40. Offene Stadtmeisterschaft"]
[Site "Bergisch Gladbach"]
[Date "2018.09.07"]
[Round "2.18"]
[White "Selbach, Johannes"]
[Black "Nölle, Lisa"]
[Result "1-0"]
[WhiteElo "1518"]
[BlackElo "1177"]
[PlyCount "113"]
[EventRounds "7"]

1. d4 d6 2. c4 Nf6 3. Nc3 Nbd7 4. e4 e5 5. d5 Be7 6. Nf3 h6 7. Be2 c6 8. O-O
Qc7 9. Bd2 Nf8 10. Qc2 Ng6 11. Rac1 O-O 12. a3 a5 13. h3 Re8 14. Be3 Bf8 15.
Bd3 Bd7 16. Qb3 Nh5 17. Ne2 Qc8 18. Qc2 Bxh3 19. Ng3 Bxg2 20. Kxg2 Nhf4+ 21.
Bxf4 Nxf4+ 22. Kg1 Nh3+ 23. Kh1 Qg4 24. Nh2 Qh4 25. Nf5 Qf4 26. Qe2 Kh8 27. Qf3
Ng5 28. Qxf4 exf4 29. f3 g6 30. Nh4 Bg7 31. Rc2 Bd4 32. Kg2 Re5 33. Ng4 Ree8
34. Nxh6 Kg7 35. Ng4 Rh8 36. Rh1 Rh7 37. Nxg6 Rxh1 38. Kxh1 fxg6 39. Kg2 Rh8
40. b4 Rh3 41. Be2 Rg3+ 42. Kh2 Bg1+ 43. Kh1 Nh3 44. dxc6 bxc6 45. b5 cxb5 46.
cxb5 Bb6 47. Rc6 Rg1+ 48. Kh2 Bc5 49. b6 Ng5 50. b7 Rb1 51. Rc7+ Nf7 52. e5 Rb2
53. Kg2 Rxe2+ 54. Kf1 Rb2 55. e6 Rb1+ 56. Kg2 Rg1+ 57. Kh2 1-0

[Event "40. Offene Stadtmeisterschaft"]
[Site "Bergisch Gladbach"]
[Date "2018.09.07"]
[Round "2.19"]
[White "Shelukie, Magd"]
[Black "Nölle, Nathalie"]
[Result "1-0"]
[WhiteElo "1511"]
[BlackElo "1061"]
[PlyCount "39"]
[EventRounds "7"]

1. e4 d6 2. d4 Nf6 3. Nc3 Nbd7 4. Bd3 e5 5. Be3 Be7 6. f4 c6 7. fxe5 dxe5 8. h3
Qc7 9. Qd2 a6 10. Nf3 h6 11. a3 c5 12. dxe5 Nxe5 13. Nxe5 Qxe5 14. Bf4 Qe6 15.
b3 b5 16. O-O g5 17. Bh2 g4 18. Nd5 Nxd5 19. exd5 Qxd5 20. Bxb5+ 1-0

[Event "40. Offene Stadtmeisterschaft"]
[Site "Bergisch Gladbach"]
[Date "2018.09.07"]
[Round "2.20"]
[White "Grothe, Karl Josef"]
[Black "Roder, Stephan"]
[Result "1-0"]
[WhiteElo "1108"]
[BlackElo "1460"]
[PlyCount "214"]
[EventRounds "7"]

1. d4 g6 2. c4 Bg7 3. Nf3 Nf6 4. g3 O-O 5. Bg2 d6 6. O-O Nbd7 7. Nc3 c6 8. e4
Qc7 9. h3 Rb8 10. Rb1 Rd8 11. b4 Nb6 12. Qe2 Ne8 13. Be3 Be6 14. Nd2 Nc8 15. a4
a6 16. a5 Qd7 17. d5 Bxh3 18. dxc6 bxc6 19. Na4 Bxg2 20. Kxg2 Nc7 21. Bb6 Re8
22. Bxc7 Qxc7 23. Nf3 Qb7 24. Rh1 f6 25. Nh2 Kf7 26. f3 e6 27. Ng4 Rh8 28. Nh6+
Bxh6 29. Rxh6 Kg7 30. Rhh1 Ra8 31. Qe3 h6 32. Nb6 Nxb6 33. Qxb6 Qxb6 34. axb6
Rab8 35. c5 dxc5 36. bxc5 a5 37. Rhd1 Rb7 38. Rd6 a4 39. Rxc6 a3 40. Rc7+ Rxc7
41. bxc7 a2 42. Ra1 Kf7 43. c8=Q Rxc8 44. Rxa2 Rxc5 45. Ra7+ Kf8 46. g4 h5 47.
gxh5 Rxh5 48. Kg3 e5 49. Kg4 Rg5+ 50. Kh3 Ke8 51. Rg7 Kf8 52. Rb7 Rg1 53. Kh2
Rd1 54. Kg3 Rd8 55. Kf2 Kg8 56. Ke3 g5 57. Kf2 Rf8 58. Kg3 Rf7 59. Rb1 Kg7 60.
Kg4 Kg6 61. Rb6 Rh7 62. Kg3 Rh6 63. Rb8 Kh5 64. Rg8 Rh7 65. Kg2 Kh4 66. Rg6 Kh5
67. Rxf6 Re7 68. Rf5 Kh4 69. Rf8 Kh5 70. Kg3 Kg6 71. Kg4 Kh6 72. Rf6+ Kh7 73.
Kxg5 Rg7+ 74. Kf5 Re7 75. f4 exf4 76. Kxf4 Kg7 77. e5 Ra7 78. Kf5 Ra5 79. Ke6
Ra6+ 80. Ke7 Ra7+ 81. Ke6 Ra6+ 82. Kf5 Ra5 83. Rd6 Kf7 84. Rd7+ Ke8 85. Rh7 Rb5
86. Kf6 Rb6+ 87. e6 Kd8 88. Rd7+ Ke8 89. Re7+ Kf8 90. Rh7 Kg8 91. Rd7 Ra6 92.
Ke7 Rb6 93. Kf6 Ra6 94. Rd8+ Kh7 95. Kf7 Ra2 96. e7 Rf2+ 97. Ke8 Kg7 98. Kd7
Rd2+ 99. Ke8 Rf2 100. Rd4 Ra2 101. Rg4+ Kf6 102. Rf4+ Ke6 103. Re4+ Kf6 104.
Rd4 Ke6 105. Re4+ Kf6 106. Kd7 Ra7+ 107. Kd6 Ra6+ 1-0

[Event "40. Offene Stadtmeisterschaft"]
[Site "Bergisch Gladbach"]
[Date "2018.09.14"]
[Round "3.1"]
[White "Thelen, Harm-Wulf"]
[Black "Harringer, Manfred"]
[Result "0-1"]
[WhiteElo "1916"]
[BlackElo "2063"]
[PlyCount "118"]
[EventRounds "7"]

1. c4 Nf6 2. g3 e6 3. Bg2 d5 4. d4 Be7 5. Nf3 O-O 6. O-O b6 7. Nc3 Bb7 8. b3 c5
9. e3 dxc4 10. bxc4 cxd4 11. exd4 Qc8 12. Be3 Nbd7 13. Qb3 Ne4 14. Rac1 Ndf6
15. Rfd1 Rd8 16. a4 Nxc3 17. Rxc3 Be4 18. Nd2 Bxg2 19. Kxg2 Qc6+ 20. f3 Rac8
21. Rcc1 h6 22. Qb5 Qa8 23. Kf2 Rc7 24. Rb1 Qc8 25. a5 bxa5 26. Qxa5 Rdd7 27.
Rb5 Rb7 28. Rdb1 Qc6 29. Qa2 Rxb5 30. Rxb5 Rb7 31. Ra5 Bb4 32. Ra6 Qd7 33. Nb3
Qe7 34. Nc5 Bxc5 35. dxc5 Rc7 36. c6 Qd6 37. Qa4 Qd3 38. Bxa7 Qd2+ 39. Kf1 e5
40. Bf2 e4 41. Qb3 exf3 42. Ra8+ Kh7 43. Qxf3 Qc2 44. c5 Ne4 45. Be3 Qc4+ 46.
Kg2 Rxc6 47. Re8 Nf6 48. Qxc6 Qe2+ 49. Bf2 Nxe8 50. Qd5 Qe7 51. c6 Nc7 52. Qd3+
g6 53. Qc4 Kg8 54. Bb6 Qe5 55. Qd4 Qe2+ 56. Kh3 Qf1+ 57. Kh4 g5+ 58. Kg4 h5+
59. Kxh5 Qh3+ 0-1

[Event "40. Offene Stadtmeisterschaft"]
[Site "Bergisch Gladbach"]
[Date "2018.09.14"]
[Round "3.2"]
[White "Gutt, Oswald"]
[Black "Ljuboschitz, Alexander"]
[Result "1/2-1/2"]
[WhiteElo "1871"]
[BlackElo "1975"]
[PlyCount "28"]
[EventRounds "7"]

1. d4 Nf6 2. c4 g6 3. Nc3 Bg7 4. e4 d6 5. Be2 O-O 6. f4 c5 7. Nf3 cxd4 8. Nxd4
b6 9. Be3 Bb7 10. Bf3 Nbd7 11. O-O Nc5 12. Qc2 Qd7 13. Rad1 Ng4 14. Bc1 Rac8
1/2-1/2

[Event "40. Offene Stadtmeisterschaft"]
[Site "Bergisch Gladbach"]
[Date "2018.09.14"]
[Round "3.3"]
[White "Eilers, Jochen"]
[Black "Rosenauer, Horst"]
[Result "1-0"]
[WhiteElo "1950"]
[BlackElo "1850"]
[PlyCount "61"]
[EventRounds "7"]

1. g3 d5 2. Nf3 Nf6 3. Bg2 c6 4. c4 dxc4 5. Na3 Be6 6. O-O Nbd7 7. Ng5 Bg4 8.
Nxc4 Nb6 9. Qb3 e6 10. Ne5 Bh5 11. d3 Bd6 12. Nc4 Be7 13. Re1 h6 14. Nf3 O-O
15. Bd2 Nxc4 16. Qxc4 Qd5 17. b3 Rfd8 18. Bc3 Nd7 19. Nd2 Qxc4 20. bxc4 Bf6 21.
Bxf6 Nxf6 22. Rab1 Rd7 23. Rb2 Rc8 24. Kf1 Kf8 25. a4 Ke7 26. a5 Kd8 27. Reb1
Rcc7 28. h3 Bg6 29. Nf3 Bh7 30. Ne5 Re7 31. a6 1-0

[Event "40. Offene Stadtmeisterschaft"]
[Site "Bergisch Gladbach"]
[Date "2018.09.14"]
[Round "3.4"]
[White "Behle, Burkhard"]
[Black "Kuhn, Andreas"]
[Result "0-1"]
[WhiteElo "1780"]
[BlackElo "1921"]
[PlyCount "78"]
[EventRounds "7"]

1. d4 Nf6 2. c4 c5 3. d5 e5 4. Nc3 d6 5. g3 Be7 6. Bg2 O-O 7. Qc2 Nbd7 8. e4 a6
9. Nf3 Nh5 10. Be3 g6 11. Bh6 Ng7 12. Bh3 Nf6 13. Bxc8 Qxc8 14. h3 Kh8 15. g4
Qd7 16. a4 Ng8 17. Bxg7+ Kxg7 18. Nd2 Bg5 19. Ke2 Kh8 20. Nf3 Bf4 21. Nh4 Nh6
22. Ng2 Bg5 23. f3 f5 24. Raf1 fxg4 25. fxg4 Bf4 26. Nxf4 exf4 27. g5 Nf7 28.
h4 Ne5 29. Nd1 Rae8 30. Nf2 f3+ 31. Kd1 b5 32. axb5 axb5 33. b3 bxc4 34. bxc4
Kg8 35. Kd2 Qf7 36. Nh3 Ra8 37. Ra1 f2 38. Rxa8 Rxa8 39. Rf1 Nf3+ 0-1

[Event "40. Offene Stadtmeisterschaft"]
[Site "Bergisch Gladbach"]
[Date "2018.09.14"]
[Round "3.5"]
[White "Heckötter, Christian"]
[Black "König, Linus"]
[Result "1-0"]
[WhiteElo "1993"]
[BlackElo "1629"]
[PlyCount "47"]
[EventRounds "7"]

1. d4 Nf6 2. Bg5 e6 3. Nd2 Be7 4. e4 d5 5. e5 Nfd7 6. Bxe7 Qxe7 7. Ngf3 c5 8.
c3 O-O 9. Bd3 b6 10. Qe2 cxd4 11. cxd4 Nc6 12. a3 Bb7 13. O-O Rfe8 14. Rac1
Rac8 15. Nb3 f6 16. exf6 Qxf6 17. Rfe1 e5 18. dxe5 Ndxe5 19. Nxe5 Rxe5 20. Qd2
Rxe1+ 21. Qxe1 Qxb2 22. Rxc6 Rf8 23. Rc3 Rxf2 24. Bxh7+ 1-0

[Event "40. Offene Stadtmeisterschaft"]
[Site "Bergisch Gladbach"]
[Date "2018.09.14"]
[Round "3.6"]
[White "Themm, Rainer"]
[Black "Gnass, Arno"]
[Result "1/2-1/2"]
[WhiteElo "1873"]
[BlackElo "1561"]
[PlyCount "82"]
[EventRounds "7"]

1. e4 c6 2. Nf3 d5 3. exd5 cxd5 4. d4 Nf6 5. Be2 e6 6. O-O Bd6 7. Nbd2 O-O 8.
c4 b6 9. cxd5 exd5 10. Bd3 Ba6 11. Nb3 Bxd3 12. Qxd3 Nbd7 13. Bg5 Qb8 14. Rae1
Ne4 15. Bh4 Re8 16. Nbd2 Ndf6 17. Bxf6 Nxf6 18. Rxe8+ Qxe8 19. Re1 Qa4 20. a3
Re8 21. Rxe8+ Qxe8 22. g3 Ne4 23. Nf1 Qc8 24. Qb3 Qc4 25. Qxc4 dxc4 26. N3d2 c3
27. bxc3 Nxc3 28. Nc4 Be7 29. Nfe3 Ne2+ 30. Kg2 Nxd4 31. Nd5 Bc5 32. a4 Nb3 33.
Nc7 Nc1 34. Nb5 a6 35. Nc7 b5 36. axb5 axb5 37. Nxb5 Nd3 38. f4 Ne1+ 39. Kf1
Nf3 40. Kg2 Ne1+ 41. Kf1 Nf3 1/2-1/2

[Event "40. Offene Stadtmeisterschaft"]
[Site "Bergisch Gladbach"]
[Date "2018.09.14"]
[Round "3.8"]
[White "Schüers, Christian"]
[Black "Henseler, Klaus"]
[Result "0-1"]
[WhiteElo "1568"]
[BlackElo "1811"]
[PlyCount "54"]
[EventRounds "7"]

1. d4 Nf6 2. Nf3 g6 3. Bf4 Bg7 4. e3 d6 5. h3 O-O 6. Bc4 a6 7. a4 c6 8. O-O
Nbd7 9. Nc3 Nb6 10. Bb3 a5 11. Re1 Nfd7 12. Ng5 d5 13. Ra3 e5 14. dxe5 Nxe5 15.
Nf3 Nec4 16. Bxc4 Nxc4 17. Rb3 Nxb2 18. Qb1 Nc4 19. Rd1 f5 20. Ne2 Qe7 21. c3
h6 22. Ned4 Rf7 23. Nd2 Ne5 24. Qc2 g5 25. Bg3 f4 26. Bh2 fxe3 27. fxe3 g4 0-1

[Event "40. Offene Stadtmeisterschaft"]
[Site "Bergisch Gladbach"]
[Date "2018.09.14"]
[Round "3.9"]
[White "Stuch, Hans-Ferdinand"]
[Black "Winckler, Andreas"]
[Result "1/2-1/2"]
[WhiteElo "1556"]
[BlackElo "1743"]
[PlyCount "71"]
[EventRounds "7"]

1. c4 c5 2. Nf3 Nf6 3. Nc3 g6 4. g3 Bg7 5. Bg2 O-O 6. O-O Nc6 7. d3 d5 8. cxd5
Nxd5 9. Bd2 e5 10. Nxd5 Qxd5 11. Bc3 Qd6 12. Nd2 Bd7 13. Nc4 Qe7 14. Na5 Nxa5
15. Bxa5 Be6 16. Bc3 Rad8 17. Qa4 a6 18. b4 c4 19. b5 cxd3 20. Bb4 Qd7 21. Bxf8
dxe2 22. Rfe1 Bxf8 23. Qc2 Qxb5 24. Qxe2 Bc4 25. Qc2 Bg7 26. Rab1 Bd3 27. Rxb5
Bxc2 28. Rxb7 Bd3 29. Rd1 Rd4 30. Rb8+ Bf8 31. Rb3 Bc2 32. Rxd4 exd4 33. Rb2 d3
34. Be4 f5 35. Rxc2 dxc2 36. Bxc2 1/2-1/2

[Event "40. Offene Stadtmeisterschaft"]
[Site "Bergisch Gladbach"]
[Date "2018.09.14"]
[Round "3.10"]
[White "Plitzner, Hans Joachim"]
[Black "Shelukie, Magd"]
[Result "1-0"]
[WhiteElo "1711"]
[BlackElo "1511"]
[PlyCount "71"]
[EventRounds "7"]

1. c4 e5 2. Nc3 Nf6 3. g3 Be7 4. Bg2 O-O 5. Nf3 Nc6 6. d3 d5 7. cxd5 Nxd5 8.
Bd2 Be6 9. O-O Nf6 10. Rc1 h6 11. Qa4 a6 12. a3 b5 13. Qc2 Nd4 14. Nxd4 exd4
15. Ne4 Nxe4 16. Bxe4 Rc8 17. Ba5 Bd6 18. Qc6 f5 19. Bg2 f4 20. Qxa6 Qf6 21.
Bb7 Qe5 22. Bxc8 Bxc8 23. Qc6 Bh3 24. Bxc7 Bxc7 25. Qxc7 Qxe2 26. Rfe1 Qxb2 27.
Re7 Bf5 28. Rxg7+ Kh8 29. Re7 Kg8 30. Rce1 Qb3 31. Qe5 Rf7 32. Re8+ Kh7 33.
Rh8+ Kg6 34. Rg8+ Kh5 35. Qxf4 Rg7 36. Rxg7 1-0

[Event "40. Offene Stadtmeisterschaft"]
[Site "Bergisch Gladbach"]
[Date "2018.09.14"]
[Round "3.11"]
[White "Bosbach, Manfred"]
[Black "Ramien, Hannah"]
[Result "1-0"]
[WhiteElo "1705"]
[BlackElo "1455"]
[PlyCount "49"]
[EventRounds "7"]

1. e4 e5 2. Bc4 Nf6 3. d3 Nc6 4. a3 Bc5 5. Be3 Bb6 6. Nc3 O-O 7. Nd5 Nxd5 8.
exd5 Nd4 9. c3 Nf5 10. Bxb6 axb6 11. Nf3 d6 12. Qe2 Re8 13. O-O Nh4 14. Nxh4
Qxh4 15. Qe4 Qg5 16. f4 Qg6 17. f5 Qf6 18. Rf3 g6 19. fxg6 Qg7 20. gxf7+ Kf8
21. fxe8=Q+ Kxe8 22. Raf1 Qg6 23. Qxg6+ hxg6 24. Rf8+ Ke7 25. R1f7# 1-0

[Event "40. Offene Stadtmeisterschaft"]
[Site "Bergisch Gladbach"]
[Date "2018.09.14"]
[Round "3.12"]
[White "Sinner, Joselyne"]
[Black "Paul, Andre David"]
[Result "1/2-1/2"]
[WhiteElo "1343"]
[BlackElo "1680"]
[PlyCount "138"]
[EventRounds "7"]

1. e4 e6 2. d4 d5 3. exd5 exd5 4. Nf3 Nf6 5. Bd3 Be7 6. O-O O-O 7. Bf4 Bg4 8.
h3 Bh5 9. Nbd2 Bd6 10. Bg5 Nbd7 11. c4 c6 12. Qc2 Qc7 13. Rfe1 Rfe8 14. Rac1
Rxe1+ 15. Rxe1 Bg6 16. c5 Bf4 17. Re7 Kf8 18. Bxf6 gxf6 19. Re2 Re8 20. Rxe8+
Kxe8 21. Nh4 Nf8 22. Ndf3 Qd7 23. Nf5 Ne6 24. Qe2 Kf8 25. N3h4 Bc7 26. g3 Ng5
27. Kh2 Qe6 28. Qxe6 fxe6 29. Nxg6+ hxg6 30. Nh4 Kg7 31. Bxg6 Nf3+ 32. Nxf3
Kxg6 33. Kg2 Kf5 34. Kf1 Ke4 35. Ke2 a5 36. a4 Bd8 37. Nd2+ Kxd4 38. Nb3+ Kc4
39. Nd2+ Kxc5 40. h4 Kd6 41. Nf3 e5 42. h5 f5 43. h6 Bf6 44. Nh4 Ke6 45. h7 e4
46. Ng6 Kf7 47. Nh4 f4 48. gxf4 Bxb2 49. Nf5 Kg6 50. Nd6 b6 51. Nc8 Kxh7 52.
Nxb6 Kg6 53. Nc8 Ba3 54. Na7 c5 55. Nc6 d4 56. Nxa5 Kf5 57. Nc4 Bb4 58. a5 Bxa5
59. Nxa5 Kxf4 60. Nc4 Kf5 61. f3 Kf4 62. fxe4 Kxe4 63. Kd2 Kd5 64. Kd3 Kc6 65.
Ne5+ Kb5 66. Nc4 Kb4 67. Ne5 Kb3 68. Nc4 Kb4 69. Ne5 Kb5 1/2-1/2

[Event "40. Offene Stadtmeisterschaft"]
[Site "Bergisch Gladbach"]
[Date "2018.09.14"]
[Round "3.13"]
[White "Bigott, Martin"]
[Black "Nölle, Michael"]
[Result "1-0"]
[WhiteElo "1674"]
[BlackElo "1385"]
[PlyCount "57"]
[EventRounds "7"]

1. Nf3 c5 2. g3 Nf6 3. Bg2 d5 4. O-O Nc6 5. d4 Ne4 6. c4 e6 7. cxd5 exd5 8. Nc3
Nxc3 9. bxc3 c4 10. e4 dxe4 11. Nd2 f5 12. Nxc4 Be6 13. Ne3 Ne7 14. c4 g6 15.
d5 Bg7 16. Rb1 Bf7 17. Qa4+ Kf8 18. Rxb7 Be8 19. Qa6 Bd4 20. Ba3 Bd7 21. Qd6
Ke8 22. Rd1 Nc8 23. Qxd7+ Qxd7 24. Rxd7 Kxd7 25. Rxd4 Nd6 26. c5 Nb5 27. c6+
Kc7 28. Ra4 g5 29. Nxf5 1-0

[Event "40. Offene Stadtmeisterschaft"]
[Site "Bergisch Gladbach"]
[Date "2018.09.14"]
[Round "3.14"]
[White "Bosbach, Volker"]
[Black "Türkkan, Nuh"]
[Result "0-1"]
[WhiteElo "1644"]
[BlackElo "1802"]
[PlyCount "88"]
[EventRounds "7"]

1. d4 Nf6 2. c4 e6 3. Nc3 b6 4. Bg5 Be7 5. e3 Bb7 6. Nf3 O-O 7. Be2 d5 8. cxd5
Nxd5 9. Nxd5 exd5 10. Bxe7 Qxe7 11. O-O c5 12. dxc5 bxc5 13. Rc1 Nd7 14. Qc2
Rac8 15. Qa4 a6 16. Bd3 Ne5 17. Nxe5 Qxe5 18. Qh4 h6 19. Rfd1 Rfd8 20. b3 Rf8
21. Qa4 f5 22. Qa5 Qd6 23. Bc4 Qe5 24. Bd3 f4 25. Qc3 Qg5 26. exf4 Rxf4 27. Qc2
d4 28. Bh7+ Kh8 29. Qg6 Qxg6 30. Bxg6 Rg4 31. Bh5 Rxg2+ 32. Kf1 Rxh2 33. Bg4
Re8 34. f3 h5 35. Bf5 Bxf3 36. Re1 Rh1+ 37. Kf2 Rhxe1 38. Rxe1 Rxe1 39. Kxe1
Bg4 40. Be4 Kg8 41. Kd2 Kf8 42. Kd3 Ke7 43. Bb7 Bh3 44. b4 Bf1+ 0-1

[Event "40. Offene Stadtmeisterschaft"]
[Site "Bergisch Gladbach"]
[Date "2018.09.14"]
[Round "3.16"]
[White "Müller, Horst"]
[Black "Grothe, Karl Josef"]
[Result "1-0"]
[WhiteElo "1412"]
[BlackElo "1108"]
[PlyCount "35"]
[EventRounds "7"]

1. c4 e5 2. Nc3 c6 3. Nf3 d6 4. d3 h6 5. g3 Bg4 6. Bg2 Bxf3 7. Bxf3 g5 8. h4
Bg7 9. hxg5 hxg5 10. Rxh8 Bxh8 11. Be3 f6 12. Bh5+ Ke7 13. Qb3 b6 14. O-O-O Nh6
15. g4 Nd7 16. Ne4 Rb8 17. Qa3 a5 18. Qxd6# 1-0

[Event "40. Offene Stadtmeisterschaft"]
[Site "Bergisch Gladbach"]
[Date "2018.09.14"]
[Round "3.17"]
[White "Roder, Stephan"]
[Black "Wilde, Christian"]
[Result "1-0"]
[WhiteElo "1460"]
[BlackElo "1211"]
[PlyCount "67"]
[EventRounds "7"]

1. e4 e6 2. d4 d5 3. exd5 exd5 4. Bf4 Nf6 5. Nf3 Be7 6. Bd3 O-O 7. O-O Nh5 8.
Be3 Nf6 9. Nbd2 Nbd7 10. c4 dxc4 11. Bxc4 b6 12. Qc2 a5 13. Rac1 c5 14. Ng5 Ba6
15. Rfd1 Bxc4 16. Nxc4 h6 17. Nh3 cxd4 18. Bxd4 b5 19. Nb6 Nxb6 20. Bxf6 Qe8
21. Bxe7 Qxe7 22. Qc6 Rfb8 23. Qxb5 Qb4 24. Qe5 Nc4 25. Qf5 Rd8 26. Rd5 Rxd5
27. Qxd5 Re8 28. g3 Re1+ 29. Rxe1 Qxe1+ 30. Kg2 Nxb2 31. Nf4 Qb4 32. Ng6 Qc4
33. Ne7+ Kf8 34. Qd8# 1-0

[Event "40. Offene Stadtmeisterschaft"]
[Site "Bergisch Gladbach"]
[Date "2018.09.14"]
[Round "3.18"]
[White "Hoferichter, Michael"]
[Black "Nölle, Lisa"]
[Result "1-0"]
[WhiteElo "1372"]
[BlackElo "1177"]
[PlyCount "61"]
[EventRounds "7"]

1. Nf3 d6 2. c4 Nf6 3. b3 Nbd7 4. Bb2 c6 5. g3 Qc7 6. Bg2 e5 7. d3 Be7 8. O-O
O-O 9. Nc3 Rd8 10. Qc2 h6 11. d4 a5 12. Rac1 Nf8 13. Rfd1 Ng6 14. Ne4 Bg4 15.
Nxf6+ Bxf6 16. h3 Bc8 17. d5 Qe7 18. Nd2 c5 19. Be4 Nf4 20. gxf4 Bh4 21. Qc3 f5
22. Bg2 Rf8 23. Nf3 Bf6 24. fxe5 dxe5 25. d6 Qf7 26. Nxe5 Qh5 27. d7 Bxd7 28.
Rxd7 Rae8 29. Bd5+ Kh7 30. Qg3 f4 31. Qd3+ 1-0

[Event "40. Offene Stadtmeisterschaft"]
[Site "Bergisch Gladbach"]
[Date "2018.09.14"]
[Round "3.19"]
[White "Nölle, Nathalie"]
[Black "Fey, Helmut"]
[Result "1-0"]
[WhiteElo "1061"]
[BlackElo "1352"]
[PlyCount "93"]
[EventRounds "7"]

1. d4 Nf6 2. Bf4 g6 3. Nc3 Bg7 4. e4 d6 5. Qd2 O-O 6. O-O-O Nbd7 7. h4 Re8 8.
Bh6 e5 9. dxe5 Nxe5 10. Bxg7 Kxg7 11. Be2 c6 12. h5 Bg4 13. hxg6 fxg6 14. Qh6+
Kh8 15. f4 Nf7 16. Qh2 Bxe2 17. Ngxe2 Qe7 18. g4 Rad8 19. g5 Nh5 20. Ng3 Nxg5
21. Nxh5 gxh5 22. Qxh5 Ne6 23. Rdf1 Rf8 24. f5 Qg5+ 25. Kd1 Qxh5+ 26. Rxh5 Nc5
27. Rfh1 Rf7 28. Ke2 Nd7 29. Ke3 Nf6 30. R5h4 Rg8 31. Kf4 Rg2 32. R1h2 Rfg7 33.
Rxg2 Rxg2 34. e5 dxe5+ 35. Kxe5 Ng4+ 36. Ke6 Kg7 37. Ne4 Ne3 38. f6+ Kh8 39. f7
Kg7 40. Nd6 Rg6+ 41. Ke7 Nd5+ 42. Kd7 h6 43. c4 Nf6+ 44. Ke7 Nh7 45. Nf5+ Kh8
46. Nxh6 Rf6 47. Rg4 1-0

[Event "40. Offene Stadtmeisterschaft"]
[Site "Bergisch Gladbach"]
[Date "2018.09.21"]
[Round "4.1"]
[White "Harringer, Manfred"]
[Black "Eilers, Jochen"]
[Result "1/2-1/2"]
[WhiteElo "2063"]
[BlackElo "1950"]
[PlyCount "34"]
[EventRounds "7"]

1. e4 c5 2. Nf3 g6 3. c3 Bg7 4. d4 cxd4 5. cxd4 d5 6. e5 Nc6 7. Nc3 Nh6 8. Qb3
O-O 9. Be3 e6 10. Rd1 Nf5 11. Bd3 Nxe3 12. fxe3 Bh6 13. Kf2 f5 14. exf6 Qxf6
15. Rhe1 Bd7 16. Kg1 Rf7 17. Qc2 Raf8 1/2-1/2

[Event "40. Offene Stadtmeisterschaft"]
[Site "Bergisch Gladbach"]
[Date "2018.09.21"]
[Round "4.2"]
[White "Kuhn, Andreas"]
[Black "Gutt, Oswald"]
[Result "1-0"]
[WhiteElo "1921"]
[BlackElo "1871"]
[PlyCount "95"]
[EventRounds "7"]

1. d4 Nf6 2. c4 g6 3. g3 d5 4. cxd5 Nxd5 5. Bg2 Bg7 6. e4 Nb6 7. Ne2 O-O 8.
Nbc3 Na6 9. O-O c6 10. b3 Nc7 11. Bf4 Ne6 12. Be3 Nc7 13. Rc1 e6 14. Qd2 Qe7
15. Bh6 Bxh6 16. Qxh6 Nd7 17. Rfd1 Nf6 18. h3 Kh8 19. e5 Ng8 20. Qe3 f5 21.
exf6 Nxf6 22. Nf4 Qd6 23. Ne4 Nxe4 24. Bxe4 Nd5 25. Nxg6+ Kg7 26. Qg5 h6 27.
Qe5+ Qxe5 28. dxe5 Rf7 29. a3 Bd7 30. Rd4 Be8 31. Bd3 h5 32. h4 Rf3 33. Nf4
Nxf4 34. gxf4 Rh3 35. f5 exf5 36. Kg2 Rxd3 37. Rxd3 Rc8 38. f4 c5 39. Kf2 b5
40. Rdc3 Rd8 41. Rxc5 Rd2+ 42. Ke3 Rh2 43. Rc7+ Kh6 44. Rxa7 Rxh4 45. Rcc7 Bg6
46. Rc8 Rh3+ 47. Kd4 h4 48. Rh8+ 1-0

[Event "40. Offene Stadtmeisterschaft"]
[Site "Bergisch Gladbach"]
[Date "2018.09.21"]
[Round "4.3"]
[White "Ljuboschitz, Alexander"]
[Black "Heckötter, Christian"]
[Result "1/2-1/2"]
[WhiteElo "1975"]
[BlackElo "1993"]
[PlyCount "57"]
[EventRounds "7"]

1. e4 e6 2. d4 d5 3. Nc3 Bb4 4. e5 c5 5. a3 Bxc3+ 6. bxc3 Qa5 7. Bd2 Qa4 8. Nf3
c4 9. Be2 Ne7 10. h4 Nbc6 11. h5 h6 12. O-O Bd7 13. Nh4 O-O-O 14. f4 Rdf8 15.
Bg4 g6 16. Ra2 Rfg8 17. Qe2 Rg7 18. Bh3 Nf5 19. Nxf5 gxf5 20. Kh1 Rhg8 21. Rg1
Qa5 22. Raa1 Qd8 23. Be1 Qf8 24. Bh4 Ne7 25. Kh2 Qe8 26. g4 fxg4 27. Bxg4 Rh7
28. Bxe7 Qxe7 29. Bh3 1/2-1/2